000
00240 a2200097 4500
001
37372
100
_a
Nicholson, Reynold
245
_a
The mathmawi of Jalal-ud-din Rumi
260
_a
Lahore
_b
Islamic Book Service
_c
090
_c
23843
_d
23843
942
_a
NUST-CAE
_c
M
_c
15384
999
_c
272445
_d
272445